| 000 | 00834nas a2200277 4500 | ||
|---|---|---|---|
| 001 | BR8301965 | ||
| 003 | BR-BrBNA | ||
| 005 | 20231205085524.0 | ||
| 007 | ta | ||
| 008 | 230509b bl.|||p| |||| 00| 00por d | ||
| 040 |
_aBR-BrBNA _bpor _cBiblioteca Nacional de Agricultura |
||
| 041 | _a(Pt) | ||
| 072 | _aL73 | ||
| 100 | 1 | _aPortugal, M.A.S.C. | |
| 100 | 1 | _aProba, G.S. | |
| 100 | 1 | _aSiliba, A.M. | |
| 100 | 1 | _aFarinha, F.B. | |
| 245 | 1 | _aPitiriase rosada dos suinos no estado de Sao Paulo [Brasil] | |
| 246 | 1 | _aAbdominal ringworm on piglets in the state of Sao Paulo [Brazil] | |
| 650 | _aSUÍNO | ||
| 650 | _aPITIRIASE ROSADA | ||
| 650 | _aSAO PAULO | ||
| 773 | 0 |
_tBiologico (Brazil) _xISSN 0366-0567 _g(Oct 1982), v. 48(10) p. 265-268 _wBR8301965 |
|
| 909 |
_a202311 _bLúcia _c55 _dLúcia Elande |
||
| 942 |
_2AGRIS _n0 _cANA |
||
| 999 |
_c111967 _d111967 |
||